00713nam a22001817a 4500003000500000005001700005008004100022020002600063040001900089050001700108082002500125100002300150245007000173300003400243538005100277650012000328856008300448Nust20170622111027.0140428b xxu||||| |||| 00| 0 eng d cAvailablea0130891614 aDLCbDLCcRCMS a 621.395 CIL 21st,ed.a621.395 CIL aMichael D. Ciletti aAdvanced Digital Design with the VERILOG HDL cMichael D. Ciletti axxi, 982 p. :bill. ;c26 cm. iShelf # 09, Row # 2, History & Digital Design. a1.Digital electronics 2. Logic circuits...Computer aided design 3. Verilog (Computer hardware description language 3Table of contents onlyuhttp://www.loc.gov/catdir/toc/ecip0716/2007017469.html